Apicultura para principiantes : microemprendimientos /

Guardado en:
Autor Principal: Guzzetti, Sandra
Otros Autores: Santi, Alfredo
Formato: Libro
Publicado: Buenos Aires : Continente, 2006 p.
Materias:
Etiquetas: Agregar Etiqueta
Sin Etiquetas, Sea el primero en etiquetar este registro!
LEADER 01036nam a22002535a 4500
001 CEM.cems017591
005 20110518103618.0
008 130507s2006##################000#0#####d
003 CEMS
020 |a 9507541179 
082 0 4 |a 638.1 
100 1 |a Guzzetti, Sandra 
245 1 0 |a Apicultura para principiantes :  |b microemprendimientos /  |c Sandra Guzzetti y Alfredo Santi 
260 |a Buenos Aires :  |b Continente,  |c 2006 p. 
300 |a 128 p. 
500 |a Manual práctico para la cría de abejas y comercialización de sus productos 
505 0 |a Las abejas -- Cómo instalar y manejar su apiario -- La colmena -- El clima y la apicultura -- Sanidad apícola -- Cálculos de inversión para un apicultor principiante -- Los productos de la apicultura 
653 |a Apicultura 
653 |a Cría de abejas 
653 |a Apicultura-comercialización de productos 
653 |a Microemprendimientos 
653 |a Apicultura-microemprendimiento 
700 1 |a Santi, Alfredo 
859 |a CEMS  |b BIB. CEMS - Agricultura  |h 638.1  |i G994  |p A1368.11  |t Ej.1